| 000 | 01105 a2200241 4500 | ||
|---|---|---|---|
| 999 |
_c6265 _d6265 |
||
| 020 | _a1403969302 (alk. paper) | ||
| 050 | 0 | 0 | _aHN773.5. R87 2005 |
| 245 | 0 | 0 |
_aRural resources & local livelihoods in Africa / _cedited by Katherine Homewood. |
| 264 |
_aOxford: _bPalgrave Macmillan, _c2005 |
||
| 300 |
_axi, 212 p. : _bill., maps ; |
||
| 500 | _aIncludes index | ||
| 504 | _aIncludes bibliographical references and index. | ||
| 650 | 0 | _aSociology, Rural | |
| 650 | 0 | _aRural development | |
| 650 | 0 | _aSustainable development | |
| 650 | 0 | _aNatural resources | |
| 700 | 1 |
_aHomewood, Katherine. _eeditor |
|
| 856 | 4 | 2 |
_3Contributor biographical information _uhttp://www.loc.gov/catdir/enhancements/fy0619/2004065409-b.html |
| 856 | 4 | 2 |
_3Publisher description _uhttp://www.loc.gov/catdir/enhancements/fy0619/2004065409-d.html |
| 856 | 4 | 1 |
_3Table of contents only _uhttp://www.loc.gov/catdir/enhancements/fy0619/2004065409-t.html |
| 942 |
_2lcc _cBK _h773.5. _iR87 _kHN |
||